Leadership and nursing care management

Bibliographic Details
Main Author: Diane L. (Author)
Format: Book
Published: Philadelphia : W. B. Saunders , c1996
Subjects:

MARC

LEADER 00000cam a2200000 7i4500
001 0000033615
005 20180107093000.0
020 |a 0721644287 
090 0 0 |a RT89   |b .H83 1996 
100 0 |a Diane L. ,   |e author 
245 0 0 |a Leadership and nursing care management   |c Diane Huber 
260 2 |a Philadelphia :   |b W. B. Saunders ,   |c c1996 
300 |a xix, 668 p. ;   |c 24 cm. 
504 |a Includes index 
650 0 |a Nursing services   |x Administration 
650 0 |a Nursing services   |z United States   |x Administration 
999 |a 1000067608   |b Book   |c OPEN SHELF (30 DAYS)   |e Gong Badak Campus